| 000 | 00572 a2200169 4500 | ||
|---|---|---|---|
| 003 | NUST | ||
| 005 | 20221208182432.0 | ||
| 040 | _cNust | ||
| 082 | _a297.14,SHE | ||
| 100 |
_aSheikh,Haroon Mufti Allie _9104511 |
||
| 245 |
_aIslamic principles on family planning / _cMufti Allie Haroon Sheikh |
||
| 260 |
_aKarachi _bDarul-ishaat _c1999 |
||
| 300 | _a154,p.; | ||
| 505 | _aIntroduction (Page-1), Marriage In Islam (Page-5), Birth Control (Page-13), Abortion (Page-63), Artificial Reproduction (Page-105). | ||
| 650 |
_aIslamic laws _9104512 |
||
| 942 |
_2ddc _cBK _k297.4,SHE |
||
| 999 |
_c190596 _d190596 |
||